000 00654cam a22002053a 4500
001 30192
003 PGUSA
005 20140828083643.0
008 091006s2009||||xxu|||||s|||||000 | eng d
040 _aPGUSA
_beng
042 _adc
100 1 _aMüller, F. Max
_q(Friedrich Max),
_d1823-1900
245 1 0 _aChips from a German Workshop - Volume IV :
_bEssays chiefly on the Science of Language
_h[electronic resource] /
_cF. Max Müller
260 _bProject Gutenberg,
_c2009
506 _aPublic domain in the USA.
516 _aElectronic text
830 0 _aProject Gutenberg
_v30192
856 4 0 _uhttp://www.gutenberg.org/ebooks/30192
942 _cEB
999 _c259447
_d259447